000 01899cam a22006014i 4500
003 PE-LiUPU
005 20260407143109.0
008 150623s2001 na rb 000 0 eng d
020 _a1899093559
035 _a(Sirsi) i9781899093557
040 _aPE-LiUPU
_bspa
_cPE-LiUPU
_erda
049 _aPRUA
082 0 4 _a109
_bR84
_221
100 1 _aRosmini-Serbati, Antonio,
_d1797-1855,
_eautor.
245 1 2 _aA new essay concerning the origin of ideas /
_cAntonio Rosmini-Serbati.
264 1 _aDurham, U.K. :
_bRosmini House,
_c2001.
300 _a444 páginas ;
_c22 centímetros
336 _atext
_2rdacontent
337 _aunmediated
_2rdamedia
338 _avolume
_2rdacarrier
504 _aIncluye bibliografía.
505 0 _aPrinciples governing this enquiry --Difficulties in explaning the origin of ideas -- False theories assigning an insufficient cause of ideas.
526 _aSEG68
526 _aSEG70
526 _aSEG69
526 _aSEG67
526 _aSEG43
526 _aP144
526 _aP143
526 _aP131
526 _aP122
526 _aP120
526 _aP117
526 _aP112
526 _aP110
526 _aP106
526 _aP101
526 _aP80
526 _aP59
526 _aP54
526 _aP35
526 _aP33
526 _aP30
600 1 _aPlatón.
_dc. 427-347
650 1 0 _aTeoría del conocimiento (Epistemología)
_91726
650 2 4 _aOrígenes de la ideología.
942 _2ddc
_cBOOK
949 _a109 R84
_wDEWEY
_c1
_i50071
_lCCODEBUL1
_mBUL
_r0
_sY
_tBOOK
_u2015-6-24
_xTEOLOGIA
_PP35
_0COMPRA
_o.STAFF. Colección Teología
994 _aC0
_bPEPRU
596 _a1
999 _a109 R84
_wDEWEY
_c30976
_i50071
_f2021-11-4
_g5
_lCCODEBUL1
_mBUL
_p35.00
_r0
_sY
_tBOOK
_u2015-6-24
_xBIBLIOTECA
_PP35
_0COMPRA
_o.STAFF. Colección Teología
_d30976
980 _818226
_gJaime Vilcazán Jefe de Análisis Documental